Xác định kĩ năng rèn luyện nghiệp vụ sư phạm thường xuyên cho sinh viên Đại lí trong phương thức đào tạo tín chỉ ở các trường đại học sư phạm /

Tallennettuna:
Bibliografiset tiedot
Päätekijä: Nguyễn Ngọc Minh.
Muut tekijät: Nguyễn Vĩnh Khương.
Aineistotyyppi: Artikkeli
Kieli:Vietnamese
Aiheet:
Tagit: Lisää tagi
Ei tageja, Lisää ensimmäinen tagi!
Thư viện lưu trữ: Thư viện Trường Đại học Đà Lạt
LEADER 01019nam a2200265 4500
001 DLU170180211
005 ##20170614
040 # # |a DLU  |b vie 
041 # # |a vie 
044 # # |a vn 
100 # # |a Nguyễn Ngọc Minh. 
245 # # |a Xác định kĩ năng rèn luyện nghiệp vụ sư phạm thường xuyên cho sinh viên Đại lí trong phương thức đào tạo tín chỉ ở các trường đại học sư phạm /  |c Nguyễn Ngọc Minh. 
653 # # |a Đào tạo tín chỉ  
653 # # |a Kĩ năng nghiệp vụ sư phạm  
653 # # |a Sinh viên đại lí 
700 # # |a Nguyễn Vĩnh Khương. 
773 # # |t Tạp chí Khoa học Đại học Sư phạm TP. Hồ Chí Minh: Khoa học giáo dục  |g Số 3(68) 2015, tr. 179-184 
920 # # |a Phòng Tạp chí -- Trung tâm Thông tin - Thư viện Trường Đại học Đà Lạt 
900 # # |a True 
911 # # |a Nguyễn Thị Thu Phương 
925 # # |a G 
926 # # |a A 
927 # # |a BB 
980 # # |a Thư viện Trường Đại học Đà Lạt